Implementácia balanced scorecard
Vymedzenie pojmu a koncepcia balanced scorecard. Perspektívy BSC. Implementácia balanced scorecard do podniku.
Salvato in:
| Autore principale: | |
|---|---|
| Natura: | Capitolo di libro |
| Lingua: | slovacco |
| Soggetti: | |
| Tags: |
Nessun Tag, puoi essere il primo ad aggiungerne!!
|
MARC
| LEADER | 00000nla$a2200000$$$4500 | ||
|---|---|---|---|
| 001 | 0103171 | ||
| 005 | 20240626114918.2 | ||
| 041 | 0 | |a slo | |
| 044 | |a SK | ||
| 245 | 1 | 0 | |a Implementácia balanced scorecard |c Lucia Gramatová |
| 520 | |a Vymedzenie pojmu a koncepcia balanced scorecard. Perspektívy BSC. Implementácia balanced scorecard do podniku. | ||
| 610 | 2 | 0 | |a metóda BSC |
| 610 | 2 | 0 | |a riadenie podnikové |
| 610 | 2 | 0 | |a stratégia podniková |
| 610 | 2 | 0 | |a manažment strategický |
| 610 | 2 | 0 | |a výkony podnikové |
| 610 | 2 | 0 | |a ukazovatele finančné |
| 100 | 1 | |a Gramatová, Lucia | |